Czy odgadniesz wykonawców po tytule piosenki RAP? - Statystyki

Ogólne statystyki
  • Ten quiz został rozwiązany 184 razy
    176 od ostatniego zresetowania
  • Średni wynik to 2 z 23
Statystyki odpowiedzi
Hint Odpowiedź % Poprawnych
Papierosy Borixon
83%
Kosmita Young Multi ft. Żabson
56%
Lifestyle Young Multi
7%
Cisza DonGURALesko
2%
Lego Małpa
2%
Intruz Aifam
1%
Czasami Dudek P56
1%
Piątek Trzynastego Ero ft. Pih, Hazzidy
1%
PTTM Ero x Kosi
1%
Los Firma
1%
Puzzle Ganja Mafia ft. JWP/BC, Bael
1%
Smog Jetlagz
1%
Miasto JWP/BC
1%
Szaman JWP/BC
1%
Interpol Malik Montana
1%
Adrenalina Paluch
1%
Mantra Pezet
1%
Telefon Pięć Dwa
1%
Tlen Proximite
1%
Dziś Rest Dixon37
1%
Underdog Siwers ft. Solka
1%
Interesy SlumsAttack
1%
Widmo Włodi
1%
Nie znaleziono quizów pasujących do podanych kryteriów
Rozkład punktacji
Procent ludzi z każdym wynikiem
Percentyl według liczby udzielonych odpowiedzi
Twoja historia wyników
Nie rozwiązałeś tego quizu od ostatniego zresetowania